004130000a22001210004500090001700000245011400017041001400131700003800145100003900183942001300222773003900235999001700274 aASbSeriadas10aDiversidad de insectos y aves insectivoras de sotobosque en hábitats perturbados de selva lluviosa tropical0 aEspañol1 aChacón de Ulloa, Patricia914691 aNaranjo Henao, Luis Germán93891 cARTICULO1 tCaldasia345h3q507-520d1997g19 c14740d14740